000 00710nam a22001337a 4500
040 _cRUA
082 _aAGR SIM 2014 B432 Or.1
100 _aSIM CHAN TYNO ; ស៊ឹម ចាន់ទីណូ
245 _aEffect of different moisture levels on cucumber by drip fertigation system , ឥទ្ធិិពលនៃកំរិតសំណើមខុសៗគ្នាទៅលើដំណាំត្រសក់ដោយប្រព័ន្ធស្រោចស្រពដំណក់ទឹកសូលុស្យុង
260 _aPhnom Penh
_bRUA
_c2014
300 _ax ;45p.
_bill.
_c29cm.
856 _uhttps://drive.google.com/file/d/1efSJ3-mIWq03tcrGiUg-HQmbjGZZxLnF/view?usp=sharing
942 _cAGR
999 _c7045
_d7045